| 000 | 01752cam a22002655a 4500 | ||
|---|---|---|---|
| 001 | L160180 | ||
| 008 | 181011s2018 xxk f 000 0 eng d | ||
| 020 | _a9781138543126 | ||
| 035 | _a(Sirsi) u160180 | ||
| 041 | 0 | _aeng | |
| 050 | 0 | 4 | _a343.410994 |
| 110 | 2 | _aFalcon Chambers | |
| 245 | 0 | 4 |
_aThe Electronic Communications Code and property law _bPractice and procedure |
| 260 |
_aAbingdon _bRoutledge _c2019 |
||
| 300 | _axxiv, 898p; 26cm | ||
| 520 | _aTraces the history of the telecommunications legislation in the UK including the Telecommications Code 1984 introduced by the Telecommunications Act 1984, the Electronic Communications Code 2003 (referred to as Old Code to distinguish from 2017 New Code) and the Electronic Communications Code 2017. Investigates how European legislation relating to the regulation of electronic communications impacts on property rights. Provides an indepth commentary on the 2003 and 2017 Codes and their impact on property law. Considers factors such as code rights, Landlord and Tenant Act 1954 Part II, transport land rights, street and tidal works, overhead apparatus, compensation for property and landowners, notices, dispute resolution, planning aspects, compulsory purchase and exploratory entry, telecommunicaitons and non-domestic rates, land registration, competition law, role of OFCOM. Looks at the position in Scotland. Conludes with annotated version of 2017 Code.and OFCOM Code of Practice. | ||
| 650 | 2 | 4 | _aELECTRONIC COMMUNICATIONS CODE 2017 |
| 650 | 2 | 4 | _aELECTRONIC COMMUNICATIONS CODE 2003 |
| 650 | 2 | 4 | _aDIGITAL ECONOMY ACT 2017 |
| 650 | 2 | 4 | _aTELECOMMUNICATIONS ACT 1984 |
| 651 | 4 | _aUnited Kingdom | |
| 690 |
_aRural _96268 |
||
| 690 |
_aUtilities _96272 |
||
| 942 |
_n0 _2ddc |
||
| 999 |
_c116262 _d116262 |
||